| 000 | 02384nam0a2200361 4500 | ||
|---|---|---|---|
| 001 | RU\NLR\bibl\551594 | ||
| 005 | 20260406083311.0 | ||
| 010 |
_a5-89896-235-2 _95000 |
||
| 021 |
_aRU _b2004-46129 _92285 |
||
| 035 | _a(NLR Aleph) 000543770 | ||
| 090 |
_a1429350 _c1429349 |
||
| 100 | _a20040913d2004 |||y0rusy50 ca | ||
| 101 | 0 | _arus | |
| 102 | _aRU | ||
| 105 | _aa ||||||||| | ||
| 200 | 1 |
_aМестная анестезия у стоматологических пациентов с сопутствующей патологией _eУчеб. пособие для студентов мед. вузов и слушателей системы послевуз. подгот. специалистов _fВ.Р. Вебер, Б.Т. Мороз _gГос. образоват. учреждение Новгор. гос. ун-т им. Ярослава Мудрого, Гос. образоват. учреждение доп. проф. образования С.-Петерб. мед. акад. последиплом. образования МЗ РФ и др. |
|
| 210 |
_aСПб. _cЧеловек _d2004 |
||
| 215 |
_a80 с. _cил., портр. _d21 |
||
| 300 | _aНа обороте тит. л. авт.: Вебер В.Р., Мороз Б.Т. - доктора мед. наук, проф. | ||
| 300 | _aВ надзаг. также: Новгор. науч. центр СЗО РАМН | ||
| 320 | _aБиблиогр.: с. 72 (14 назв.) | ||
| 606 | 0 |
_aМестное обезболивание в стоматологии при сопутствующих болезнях _jРуководства, пособия и т.п. _92350544 _3RU\NLR\auth\661404326 |
|
| 606 | 0 |
_aМестная анестезия _jУчебные издания _xПрименение в стоматологии при сопутствующих болезнях _92350539 _3RU\NLR\auth\661404323 |
|
| 686 | _aР665-1я7 | ||
| 700 | 1 |
_4070 _7ca _8rus _aВебер _bВ. Р. _cд-р мед. наук _f1954- _gВиктор Робертович _9253750 _3RU\NLR\AUTH\770253806 |
|
| 701 | 1 |
_4070 _7ca _8rus _aМороз _bБ. Т. _cд-р мед. наук _f1945-2016 _gБорис Терентьевич _3RU\NLR\AUTH\770278051 _92650018 |
|
| 801 | 0 |
_aRU _bNLR _c20040913 _gPSBO |
|
| 801 | 1 |
_aRU _bNLR _c20040913 |
|
| 830 | _aАвт. по кн. | ||
| 942 | _cBOOK | ||
| 980 | _aNB | ||